Úloha a současné ukoly vnějších ekonomických vztahů metodický materiál pro lektory SAK ČSSR

Enregistré dans:
Détails bibliographiques
Auteur principal: Hlidek, Jiří
Format: Livre
Langue:tchèque
Publié: Praha Horizont 1984
Tags: Ajouter un tag
Pas de tags, Soyez le premier à ajouter un tag!

MARC

LEADER 00000nam a2200000 4500
001 c112515
005 20041208140853.7
041 0 |a cze 
044 |a CZ 
245 1 0 |a Úloha a současné ukoly vnějších ekonomických vztahů  |b metodický materiál pro lektory SAK ČSSR  |c Jiří Hlídek 
264 1 |a Praha  |b Horizont  |c 1984 
300 |a 18 s. 
100 1 |a Hlidek, Jiří